000 00539cab a2200217 4500
001 X310
008 090401t1992 xxu||||| |||| 00| 0 eng d
035 _a(Sirsi) u65028
041 _aeng
100 _aMoffat, A.
245 _aEstablishment of trees on power station wastes
260 _c1992
350 _a0
490 _aWaste Planning
_v(5) December 1992, 33-35(3)
650 _aPOWER STATIONS
650 _aTREES
690 _aENVIRONMENTAL AND LAND CONSULTANCY
700 _aShaw, P.
942 _n0
948 _c04/03/1997
999 _c40529
_d40529